000 01098naa a22003137a 4500
001 BR7602606
003 BR-BrBNA
005 20240918173836.0
007 ta
008 230509b bl.||||| |||| 00| 0 por d
040 _aBR-BrBNA
_bpor
_cBiblioteca Nacional de Agricultura
041 _a(Pt)
072 _aH20
_b2120
_b4120
_bG514
090 _aH20 BR7602606
100 1 _aChalfoun, S.M.
100 1 _aDuarte, C. de S.
100 1 _aRamalho, M.A.P.
100 1 _aDuarte, G. de S.
100 1 _aCarvalho Rios, J.M.
245 1 _aDeterminacao do metodo de amostragem para avaliacao de infeccao incitada por Hemileia vastatrix, Berk et Br. [Ferrugem; Cafe; Coffea arabica]
260 3 _aBelo Horizonte, MG (Brasil):
_c1976.
500 _aProjeto cafe. Relatorio anual 74/75 Belo Horizonte, MG (Brasil): 1976. p. 236 (BR7602606-AM)H20
650 _aDoenca de planta
650 _aCafe
650 _aferrugem
773 0 _tProjeto cafe. Relatorio anual 74/75
_wH20 BR7602606
_gBelo Horizonte, MG (Brasil), 1976. p. 236
909 _a202404
_bLucia
_c55
_dLucia Elande
942 _cAM
_2AGRIS
999 _c307228
_d307228